000 00305nam a22001337a 4500
008 170601b xxu||||| |||| 00| 0 eng d
020 _a060467118
041 _aeng
080 _a94(7/8)
100 _a17
101 _aSHH
245 _aPROBLEMS IN LATIN AMERICA HISTORY
_cTULCHIN, J.S
942 _2udc
_cBK
999 _c15374
_d15374